[Event "Barra de Sao Miguel op"]
[Site "Barra de Sao Miguel"]
[Date "2019.10.12"]
[Round "4"]
[White "Dos Santos, Alexandre Silva"]
[Black "Castro, Guilherme Cesar Ass"]
[Result "0-1"]
[WhiteElo "1752"]
[BlackElo "1800"]
[PlyCount "25"]
[EventDate "2019.10.10"]
[EventType "swiss"]
[EventRounds "7"]
[EventCountry "BRA"]
[SourceTitle "CBM 192 Extra"]
[Source "Chessbase"]
[SourceDate "2019.11.06"]
[SourceVersion "1"]
[SourceVersionDate "2019.11.06"]
[SourceQuality "1"]

1. e4 e5 2. Nf3 Nc6 3. Bb5 a6 4. Bxc6 dxc6 5. c3 Nf6 6. 0-0 Bc5 7. d4 exd4 8. cxd4 Ba7 9. Bg5 0-0 10. Nc3 Qe7 11. Be3 Rd8 12. Qc2 Ng4 13. Ng5 0-1